000 003190000a22001450004500
001 005751
003 MACL
040 _aMACL
090 _c12923
_d12922
245 _aUloom ul Quran
_bShoq Munshi Ab.Rehman
260 _aWazeer e Hind stm P Amritsar
350 _a0.25
650 _aUrdu Literature
942 _k891
_cBook
999 _c12850
_d12850